000 00668nam a2200229Ia 4500
999 _c3465
_d3465
008 251022t2024||||ii |||||||||||||| ||eng||
020 _a9789389802559
_cRs. 499.00
040 _aKO
_beng
041 0 _aeng
044 _aii
082 0 4 _a001.42
_bK8486
_223
100 1 _aKothari, C. R.
245 1 0 _aResearch Methodology: methods and techniques /
_cC. R. Kothari and Gaurav Garg
250 _a5th ed.
260 _aNew Delhi :
_bNew Age International Publishers,
_c2024
300 _axix, 464 p.
_b : col. ill.
_c; 24 cm.
650 0 _aResearch
_xMethodology
_vTextbooks
700 1 _aGarg, Gaurav
_eaut
904 _aA_BOSE
942 _cBK
_2ddc